Radical Democracy in Modern Indian Political Thought (Record no. 38784)

MARC details
000 -LEADER
fixed length control field 01619nam a22001817a 4500
020 ## - INTERNATIONAL STANDARD BOOK NUMBER
ISBN 9781009455961
082 ## - DEWEY DECIMAL CLASSIFICATION NUMBER
Classification number 320.954
Item number PAR-R
100 ## - MAIN ENTRY--AUTHOR NAME
Personal name Parasher, Tejas
Relator term Author
245 ## - TITLE STATEMENT
Title Radical Democracy in Modern Indian Political Thought
Sub Title Indian Political
Statement of responsibility, etc By Tejas Parasher
260 ## - PUBLICATION, DISTRIBUTION, ETC. (IMPRINT)
Place of publication New Delhi :
Name of publisher Cambridge University Press,
Year of publication 2023.
300 ## - PHYSICAL DESCRIPTION
Number of Pages x, 203p.
504 ## - BIBLIOGRAPHY, ETC. NOTE
Bibliography, etc Include Bibliography and index.
520 ## - SUMMARY, ETC.
Summary, etc Between the 1910s and the 1970s, an eclectic group of Indian thinkers, constitutional reformers, and political activists articulated a theory of robustly democratic, participatory popular sovereignty. Taking parliamentary government and the modern nation-state to be prone to corruption, these thinkers advocated for ambitious federalist projects of popular government as alternatives to liberal, representative democracy. Radical Democracy in Modern Indian Political Thought is the first study of this counter-tradition of democratic politics in South Asia. Examining well-known historical figures such as Dadabhai Naoroji, M. K. Gandhi, and M. N. Roy alongside long-neglected thinkers from the Indian socialist movement, Tejas Parasher illuminates the diversity of political futures imagined at the end of the British Empire in South Asia. This book reframes the history of twentieth-century anti-colonialism in novel terms – as a contest over the nature of modern political representation – and pushes readers to rethink accepted understandings of democracy today.
650 ## - SUBJECT ADDED ENTRY--TOPICAL TERM
Topical Term Democracy
Geographic subdivision India
650 ## - SUBJECT ADDED ENTRY--TOPICAL TERM
Topical Term Radicalism
Geographic subdivision India
650 ## - SUBJECT ADDED ENTRY--TOPICAL TERM
Topical Term Political Thought
Geographic subdivision India
942 ## - ADDED ENTRY ELEMENTS (KOHA)
Source of classification or shelving scheme Dewey Decimal Classification
Koha item type Books
Holdings
Withdrawn status Lost status Damaged status Not for loan Home library Current library Date acquired Source of acquisition Cost, normal purchase price Bill Date Full call number Accession Number Cost, replacement price Price effective from Koha item type
        NASSDOC Library NASSDOC Library 20/03/2024 All India Book House 573.99 2024-03-20 320.954 PAR-R 53967 795.00 20/03/2024 Books